000 00631nam a2200229Ia 4500
999 _c50831
_d50831
001 17785
003 GE_BSU
005 20221114173156.0
008 181216s2010fr xx |||||||||||||| ||fre||
020 _a9782278064489x
040 _cGE_BSU
041 _afre
080 _a811.133.1 D-91
100 _aDupuy, Marjolaine.
_97385
245 _aReussir le Delf A2 + Cd /
_cMarjolaine Dupuy ; Maund Launay.
264 _aParis :
_bDidier,
_c2010.
300 _a126 p.:
_bill;
_c27 cm.
_e+1CD
653 _aReussir le Delf A1
653 _aფრანგული ენა
700 _aLaunay, Maund
_97386
942 _cBK
_2udc